| 000 | 00893nam a22002897a 4500 | ||
|---|---|---|---|
| 001 | 6022 | ||
| 003 | FISKH | ||
| 005 | 20250221113102.0 | ||
| 008 | 250221b cb ||||| |||| 00| 0 eng d | ||
| 020 | _a9780439028493 | ||
| 040 |
_aFISKH _beng _cFISKH _dFISKH |
||
| 050 | _aBF1461 .Z85 | ||
| 082 | _a133.1 | ||
| 100 |
_aZulio, Allan _d(1947-) |
||
| 245 |
_aThe haunted graveyyard / _cTrue ghost stories by Allan Zulio |
||
| 250 | _aThis edition first published in 2007 | ||
| 260 |
_aNew York : _bScholastic, _c1996. |
||
| 300 |
_a128 pages : _c20 cm |
||
| 505 | _aR | ||
| 520 | _aTen stories, taken from the files of noted ghost hunters, describing hauntings of everything from caves to big city apartments. | ||
| 521 | 8 |
_a730
_bLexile |
|
| 521 | 8 |
_aR
_bRaz-Plus |
|
| 650 |
_2Ghost stories _aChapter book |
||
| 650 |
_2Scary _aHaunting |
||
| 942 |
_2ddc _cBK _n0 |
||
| 999 |
_c6022 _d6022 |
||